000 00635nam a2200217 a 4500
001 BRCA_3725
005 20190320204411.0
008 140909t1923----mx-a---###---#000-0#spa-#
041 _aspa
044 _amx
050 4 _aNK844
_b.R66 1923
100 1 _aRomero de Terreros y Vinent, Manuel
_99692
245 1 0 _aLas artes industriales en la Nueva España
_cManuel Romero de Terreros y Vinent.
260 _aMéxico
_bLib. de Pedro Robredo
_c1923
300 _a222 p.
_bil., 115 láminas
_c19 cm.
500 _aB348
650 1 4 _aArte
_xIndustria y comercio
_97236
650 1 4 _aArte
_zMéxico
_99693
902 _aGFM
942 _2lcc
_cB
999 _c3454
_d3454